00633nam a2200205Ia 450000500170000000800410001702000180005804100120007608200150008810000210010324500370012425000080016126000200016950000080018965000380019770000240023594200070025995201420026699900190040820240823045313.0240823s9999||||xx |||||||||||||| ||und|| a81-8147-371-X aENGLISH A621.382 P4 a"Ferry, David K" 0aElectronic Materials and Devices a1st c2004bAcademic  aYES aElectronic MaterialsbElectronics a" Bird, Jonathan P" cBK 00104070aNICHELIBbNICHELIBd2014-06-16eHigginbothams Private Ltdg315.00l0o621.382 P4p64441r2024-08-23 04:53:13w2024-08-23yBK c214645d214645